Library Banner

Class and power in a punjabi village (Record no. 77822)

MARC details
000 -LEADER
fixed length control field 00390nam a22001457a 4500
005 - DATE AND TIME OF LATEST TRANSACTION
control field 20151026122817.0
008 - FIXED-LENGTH DATA ELEMENTS--GENERAL INFORMATION
fixed length control field 151026b xxu||||| |||| 00| 0 eng d
040 ## - CATALOGING SOURCE
Transcribing agency PK-LaUMT
082 ## - DEWEY DECIMAL CLASSIFICATION NUMBER
Classification number KHC 307.720954914
Item number SAG-C
100 ## - MAIN ENTRY--PERSONAL NAME
Personal name Saghir Ahmad
245 ## - TITLE STATEMENT
Title Class and power in a punjabi village
Statement of responsibility, etc Saghir Ahmad
260 ## - PUBLICATION, DISTRIBUTION, ETC. (IMPRINT)
Place of publication, distribution, etc Lahore
Name of publisher, distributor, etc Punjab adbi markaz
Date of publication, distribution, etc 1977
300 ## - PHYSICAL DESCRIPTION
Extent 154 p.
942 ## - ADDED ENTRY ELEMENTS (KOHA)
Koha item type Books
Holdings
Withdrawn status Lost status Damaged status Home library Current library Date acquired Full call number Barcode Date last seen Price effective from Koha item type
      UMT Main Campus UMT Main Campus 2015-10-26 KHC 307.720954914 SAG-C 74201 2015-10-26 2015-10-26 Books